[Event "5th European Individual Chess "]
[Site "Justiniano Hotel Belek, Turke"]
[Date "2004.05.24"]
[Round "9.31"]
[White "Aleskerov, Faik"]
[Black "Thorfinnsson, Bjorn"]
[Result "1-0"]
[WhiteElo "2167"]
[BlackElo "2345"]
[PlyCount "60"]
[EventDate "2004.??.??"]

1. Nf3 Nf6 2. d4 e6 3. Nbd2 c5 4. e3 b6 5. Bd3 Bb7 6. O-O d6 7. c3 cxd4 8. exd4
Nbd7 9. Ng5 Be7 10. f4 Nd5 11. Nde4 N7f6 12. c4 Nc7 13. f5 h6 14. Nxf6+ Bxf6
15. Qh5 g6 16. fxg6 hxg5 17. gxf7+ Kd7 18. Qg6 Bxd4+ 19. Kh1 Be5 20. f8=N+ Kc8
21. Nh7 Bc6 22. Bxg5 Qg8 23. Rf8+ Qxf8 24. Nxf8 Rxh2+ 25. Kg1 Rxg2+ 26. Kf1 Kb7
27. Be4 Rg4 28. Bxc6+ Kxc6 29. Nh7 Bxb2 30. Rb1 Bc3 1-0

[Event "5th European Individual Chess "]
[Site "Justiniano Hotel Belek, Turke"]
[Date "2004.05.24"]
[Round "9.32"]
[White "Bente, Bjoern"]
[Black "Mamedjarova, Zeinab"]
[Result "0-1"]
[WhiteElo "2219"]
[BlackElo "2343"]
[PlyCount "70"]
[EventDate "2004.??.??"]

1. d4 d5 2. Nf3 Nf6 3. e3 e6 4. Bd3 Bd6 5. O-O O-O 6. Nbd2 c5 7. c3 Nc6 8. dxc5
Bxc5 9. e4 h6 10. e5 Ng4 11. Qe2 f6 12. Nb3 Bb6 13. exf6 Rxf6 14. h3 Nxf2 15.
Rxf2 Bxf2+ 16. Qxf2 e5 17. c4 e4 18. cxd5 Qxd5 19. Be2 exf3 20. Bxf3 Qd6 21.
Qc5 Qg3 22. Bd5+ Be6 23. Bxe6+ Rxe6 24. Qc4 Qe1+ 25. Kh2 Qe2 26. Qxe2 Rxe2 27.
Bd2 Rf8 28. Bc3 Rf5 29. Rg1 Rd5 30. Nc1 Rc2 31. Re1 Rg5 32. Ne2 Ne5 33. h4 Rg4
34. Nd4 Rgxg2+ 35. Kh1 Nd3 0-1

[Event "5th European Individual Chess "]
[Site "Justiniano Hotel Belek, Turke"]
[Date "2004.05.24"]
[Round "9.35"]
[White "Mamedjarova, Turkan"]
[Black "Erdogan, Hakan"]
[Result "1-0"]
[WhiteElo "2191"]
[BlackElo "2252"]
[PlyCount "63"]
[EventDate "2004.??.??"]

1. d4 c5 2. d5 Nf6 3. c4 e6 4. Nc3 exd5 5. cxd5 d6 6. e4 g6 7. Bd3 Bg7 8. Nge2
O-O 9. O-O Na6 10. Bg5 Nc7 11. Qd2 b5 12. Ng3 c4 13. Bc2 a5 14. Nce2 Bb7 15.
Rfe1 Qd7 16. Rad1 Ng4 17. h3 f6 18. Bf4 Ne5 19. Nd4 b4 20. Bh6 Ba6 21. Bxg7
Kxg7 22. f4 Nd3 23. Bxd3 cxd3 24. f5 Rfe8 25. Rc1 Rac8 26. Rc6 Bb7 27. fxg6
Bxc6 28. dxc6 Qd8 29. Ngf5+ Kh8 30. Qh6 Re7 31. g7+ Kg8 32. Qxf6 1-0

[Event "5th European Individual Chess "]
[Site "Justiniano Hotel Belek, Turke"]
[Date "2004.05.25"]
[Round "10.9"]
[White "Asrian , Karen"]
[Black "Akesson , Ralf"]
[Result "1-0"]
[WhiteElo "2605"]
[BlackElo "2476"]
[PlyCount "77"]
[EventDate "2004.??.??"]

1. e4 c6 2. d4 d5 3. e5 Bf5 4. Nc3 h5 5. Bd3 Bxd3 6. Qxd3 e6 7. Nf3 Be7 8. Ne2
Qa5+ 9. c3 Qa6 10. Qc2 Nh6 11. O-O Nd7 12. Bg5 Nf5 13. Nf4 O-O-O 14. a4 Nb6 15.
Nd3 Nd7 16. b4 f6 17. Bf4 fxe5 18. Bxe5 Rhf8 19. b5 cxb5 20. axb5 Qb6 21. Qa4
Nxe5 22. Nfxe5 Bd6 23. Rfb1 Kc7 24. Qd1 h4 25. h3 Kc8 26. Qe2 Rde8 27. Qa2 Bb8
28. Rb4 Nd6 29. Nc5 Qc7 30. Ncd7 Rf5 31. b6 axb6 32. Nxb8 Qxb8 33. Rxb6 Rxe5
34. dxe5 Nc4 35. Qa4 Kc7 36. Rxb7+ Kxb7 37. Qd7+ Kb6 38. Rb1+ Ka5 39. Rxb8 1-0

[Event "5th European Individual Chess "]
[Site "Justiniano Hotel Belek, Turke"]
[Date "2004.05.25"]
[Round "10.13"]
[White "Sargissian, Gabriel"]
[Black "Guseinov, Gadir"]
[Result "1-0"]
[WhiteElo "2614"]
[BlackElo "2548"]
[PlyCount "77"]
[EventDate "2004.??.??"]

1. d4 Nf6 2. c4 g6 3. Nf3 Bg7 4. g3 O-O 5. Bg2 c6 6. Nc3 d5 7. Qb3 Qb6 8. O-O
Be6 9. Ng5 dxc4 10. Qa4 Bd7 11. Qxc4 h6 12. Nf3 Na6 13. e4 Rad8 14. h3 Qa5 15.
Qe2 b5 16. a3 Be6 17. Ne5 Nb8 18. d5 cxd5 19. exd5 Bc8 20. Be3 e6 21. Nc6 Nxc6
22. dxc6 Nd5 23. Nxd5 exd5 24. Rfd1 d4 25. Qd2 Qb6 26. Bxh6 Bxh6 27. Qxh6 Rfe8
28. Re1 d3 29. Qd2 Rxe1+ 30. Rxe1 Be6 31. Re3 Bc4 32. b3 Qc5 33. bxc4 bxc4 34.
Qb4 Qxb4 35. axb4 Kg7 36. Bf3 Rb8 37. Re5 a5 38. Rxa5 c3 39. Rc5 1-0

[Event "5th European Individual Chess "]
[Site "Justiniano Hotel Belek, Turke"]
[Date "2004.05.25"]
[Round "10.17"]
[White "Cheparinov, Ivan"]
[Black "Halkias, Stelios"]
[Result "1-0"]
[WhiteElo "2555"]
[BlackElo "2541"]
[PlyCount "125"]
[EventDate "2004.??.??"]

1. e4 c5 2. Nf3 e6 3. d4 cxd4 4. Nxd4 Nf6 5. Nc3 Nc6 6. Ndb5 d6 7. Bf4 e5 8.
Bg5 a6 9. Na3 b5 10. Bxf6 gxf6 11. Nd5 f5 12. Bd3 Be6 13. c3 Bg7 14. Nxb5 axb5
15. Bxb5 Rc8 16. Qa4 Bd7 17. exf5 O-O 18. O-O Kh8 19. Qe4 Rg8 20. a4 Bh6 21. g3
Rb8 22. b4 Rg5 23. Ne3 Rc8 24. Rfd1 Bf8 25. a5 f6 26. a6 Rg7 27. Bf1 Na7 28. c4
Bc6 29. Nd5 Ba8 30. Rab1 Rb8 31. b5 Nc8 32. Qd3 Bxd5 33. Qxd5 Nb6 34. Qe4 Qc8
35. Ra1 Ra7 36. Rdc1 Nd7 37. Bg2 Rb6 38. Qg4 Nc5 39. Bd5 Be7 40. Rc3 Qf8 41.
Qh5 Bd8 42. g4 Rb8 43. Rh3 Bb6 44. Raa3 e4 45. Bb7 Qg7 46. Qg6 Nxb7 47. Qxg7+
Kxg7 48. axb7 Rbxb7 49. Ra6 Rxa6 50. bxa6 Ra7 51. Ra3 Bc5 52. Ra5 Kf7 53. Kg2
Ke7 54. Kg3 Kd8 55. h4 h6 56. Kf4 Re7 57. g5 fxg5+ 58. hxg5 e3 59. fxe3 Bxe3+
60. Kg4 hxg5 61. f6 Rf7 62. Kf5 g4 63. Kg6 1-0

[Event "5th European Individual Chess "]
[Site "Justiniano Hotel Belek, Turke"]
[Date "2004.05.25"]
[Round "10.18"]
[White "Grunberg, Mihai-Lucian"]
[Black "Minasian, Artashes"]
[Result "1-0"]
[WhiteElo "2401"]
[BlackElo "2585"]
[PlyCount "73"]
[EventDate "2004.??.??"]

1. Nf3 g6 2. c4 Bg7 3. g3 c5 4. Bg2 Nc6 5. Nc3 d6 6. O-O e5 7. Ne1 Nge7 8. Nc2
h5 9. d3 h4 10. Nd5 Nxd5 11. cxd5 Ne7 12. e4 Bd7 13. Ne3 b5 14. a4 a6 15. axb5
axb5 16. Rxa8 Qxa8 17. b4 cxb4 18. Bd2 hxg3 19. hxg3 Qa3 20. Qb1 b3 21. Qa1 Qa4
22. Qc3 O-O 23. Qc7 Qa2 24. Qxd7 Qxd2 25. Qxb5 b2 26. Nd1 Nxd5 27. exd5 e4 28.
dxe4 Be5 29. Bf3 Kg7 30. Kg2 Rh8 31. Ne3 Qc1 32. Be2 Ra8 33. Bd3 Ra1 34. Qc4
Bf6 35. Bc2 Bg5 36. Qd3 Kg8 37. Bb1 {continue 62. move and white win} 1-0

[Event "5th European Individual Chess "]
[Site "Justiniano Hotel Belek, Turke"]
[Date "2004.05.25"]
[Round "10.19"]
[White "Soylu , Suat"]
[Black "Smeets , Jan"]
[Result "1/2-1/2"]
[WhiteElo "2397"]
[BlackElo "2531"]
[PlyCount "48"]
[EventDate "2004.??.??"]

1. e4 e5 2. Nf3 Nc6 3. Bb5 a6 4. Ba4 Nf6 5. d4 exd4 6. O-O Be7 7. e5 Ne4 8.
Nxd4 O-O 9. Nf5 d5 10. exd6 Bxf5 11. dxe7 Nxe7 12. Bb3 Nc5 13. Nc3 Qxd1 14.
Rxd1 Nxb3 15. cxb3 Rfe8 16. Bf4 c6 17. h3 f6 18. Rd2 g5 19. Be3 Rad8 20. Rad1
Rxd2 21. Rxd2 Ng6 22. Na4 Kf7 23. Nb6 Ne5 24. Nc4 Nxc4 1/2-1/2

[Event "5th European Individual Chess "]
[Site "Justiniano Hotel Belek, Turke"]
[Date "2004.05.25"]
[Round "10.21"]
[White "Mastrovasilis, Athanasios"]
[Black "Erdogdu, Mert"]
[Result "1/2-1/2"]
[WhiteElo "2488"]
[BlackElo "2369"]
[PlyCount "124"]
[EventDate "2004.??.??"]

1. c4 Nf6 2. Nc3 g6 3. g3 Bg7 4. Bg2 O-O 5. d3 d6 6. Bg5 h6 7. Bd2 c5 8. Rb1
Nc6 9. a3 a5 10. Nf3 e5 11. O-O Be6 12. Ne1 d5 13. cxd5 Nxd5 14. Qc1 Nd4 15.
Bxd5 Bxd5 16. Bxh6 Ba2 17. Bxg7 Kxg7 18. Ra1 Be6 19. Qe3 Bh3 20. Ng2 Qe7 21.
Rac1 Rae8 22. f3 b6 23. Qf2 Rh8 24. e3 Nf5 25. e4 Nd4 26. Qe3 Be6 27. f4 Rh3
28. fxe5 Reh8 29. Ne2 Nxe2+ 30. Qxe2 Rxh2 31. Qe3 Rh1+ 32. Kf2 R1h5 33. Qf4 Qg5
34. Ke3 Qxe5 35. Qxe5+ Rxe5 36. Nf4 Bb3 37. Ne2 Rhe8 38. Nc3 f5 39. Rf4 g5 40.
Rf2 fxe4 41. dxe4 Bf7 42. Rd1 Bg6 43. Rd7+ Kg8 44. Rd6 Bxe4 45. Nxe4 Rxe4+ 46.
Kd3 Kg7 47. Rxb6 Rd4+ 48. Kc2 Re3 49. Rg2 a4 50. Rb5 Rc4+ 51. Kd2 Rf3 52. g4
Rff4 53. Kd3 Kf6 54. Rb6+ Ke5 55. Rg6 Rcd4+ 56. Kc2 Rc4+ 57. Kd3 Rfd4+ 58. Ke3
Re4+ 59. Kf3 Rf4+ 60. Ke3 Rce4+ 61. Kd2 Rd4+ 62. Kc2 Rc4+ 1/2-1/2

[Event "5th European Individual Chess "]
[Site "Justiniano Hotel Belek, Turke"]
[Date "2004.05.25"]
[Round "10.22"]
[White "Haznedaroglu, Kivanc"]
[Black "Van Der Stricht, Geert"]
[Result "1-0"]
[WhiteElo "2395"]
[BlackElo "2450"]
[PlyCount "79"]
[EventDate "2004.??.??"]

1. e4 c5 2. Nf3 d6 3. d4 cxd4 4. Nxd4 Nf6 5. Nc3 a6 6. Bg5 e6 7. f4 Nbd7 8. Qf3
Qc7 9. O-O-O b5 10. Bxf6 Nxf6 11. e5 Bb7 12. Qh3 dxe5 13. Ncxb5 Qb6 14. fxe5
Nd5 15. Na3 Bc5 16. Nc4 Qc7 17. Nb3 Be7 18. Kb1 Rd8 19. Be2 O-O 20. Rhf1 Nb4
21. Nbd2 Bd5 22. a3 Nc6 23. Bd3 g6 24. Rde1 Rb8 25. Qh6 Na5 26. Re3 Nxc4 27.
Rh3 Rxb2+ 28. Kc1 Rxc2+ 29. Bxc2 Bxa3+ 30. Kd1 Nb2+ 31. Ke1 Qxe5+ 32. Be4 Nd3+
33. Ke2 Nc1+ 34. Rxc1 Rd8 35. Qxh7+ Kf8 36. Qh8+ Qxh8 37. Rxh8+ Ke7 38. Rxd8
Bxc1 39. Rc8 Bxe4 40. Nxe4 1-0

[Event "5th European Individual Chess "]
[Site "Justiniano Hotel Belek, Turke"]
[Date "2004.05.25"]
[Round "10.23"]
[White "Nedev, Trajce"]
[Black "Neubauer, Martin"]
[Result "1/2-1/2"]
[WhiteElo "2489"]
[BlackElo "2418"]
[PlyCount "146"]
[EventDate "2004.??.??"]

1. e4 e5 2. Nf3 Nc6 3. d4 exd4 4. Nxd4 Nf6 5. Nxc6 bxc6 6. e5 Qe7 7. Qe2 Nd5 8.
c4 Nb6 9. b3 Qe6 10. Bb2 Bb4+ 11. Nd2 a5 12. a3 Be7 13. Qe4 Rb8 14. Bc3 a4 15.
b4 c5 16. Bd3 Bb7 17. Qe2 O-O 18. O-O d5 19. exd6 Qxe2 20. Bxe2 Bxd6 21. Rfe1
Rfe8 22. Bd3 Rbd8 23. Rxe8+ Rxe8 24. g3 f6 25. Rb1 Rd8 26. Bf1 cxb4 27. axb4
Be5 28. Bxe5 fxe5 29. Rb2 Rd4 30. f3 Bc8 31. Kf2 Be6 32. Rc2 a3 33. Ke3 Nxc4+
34. Nxc4 a2 35. Rxa2 Bxc4 36. Bxc4+ Rxc4 37. Ra5 Rxb4 38. Rxe5 Rc4 39. Re7 h5
40. h4 Kh7 41. Re6 g6 42. Re7+ Kh6 43. Rf7 Rc2 44. Kf4 Rc4+ 45. Ke5 Rc5+ 46.
Ke6 Rc6+ 47. Ke7 Ra6 48. Rf8 c5 49. Kf7 Ra7+ 50. Kf6 Ra6+ 51. Ke5 c4 52. Rc8
Ra5+ 53. Ke4 Ra4 54. Rc7 c3+ 55. Ke5 Ra5+ 56. Kd4 Ra4+ 57. Ke5 Ra5+ 58. Ke6 Ra3
59. Kd5 Ra5+ 60. Kd4 Ra4+ 61. Kd3 Ra1 62. g4 hxg4 63. fxg4 Rh1 64. g5+ Kh5 65.
Rh7+ Kg4 66. Rh6 Rh3+ 67. Kc2 Kf5 68. Kb3 Re3 69. Rh8 Rh3 70. Rh6 Re3 71. Kc2
Rh3 72. Rh8 Kg4 73. Rg8 Kh5 1/2-1/2

[Event "5th European Individual Chess "]
[Site "Justiniano Hotel Belek, Turke"]
[Date "2004.05.25"]
[Round "10.24"]
[White "Kristjansson, Stefan"]
[Black "Pashikian, Arman"]
[Result "0-1"]
[WhiteElo "2404"]
[BlackElo "2466"]
[PlyCount "50"]
[EventDate "2004.??.??"]

1. e4 c5 2. Nf3 e6 3. d4 cxd4 4. Nxd4 Nf6 5. Nc3 Nc6 6. Ndb5 Bc5 7. Nd6+ Ke7 8.
Nxc8+ Rxc8 9. Bd3 h6 10. f4 d5 11. e5 Nd7 12. Bd2 Qc7 13. Qh5 Nb4 14. Qe2 a6
15. Rf1 g6 16. Rf3 b5 17. Rh3 Ba7 18. Qg4 Nc5 19. Ke2 Ncxd3 20. cxd3 Nc6 21.
Rxh6 Rxh6 22. Qg5+ Kd7 23. Qxh6 b4 24. Nd1 Nd4+ 25. Kf1 Qc2 0-1

[Event "5th European Individual Chess "]
[Site "Justiniano Hotel Belek, Turke"]
[Date "2004.05.25"]
[Round "10.25"]
[White "Drabke, Lorenz"]
[Black "Karadeniz, Emre"]
[Result "1/2-1/2"]
[WhiteElo "2453"]
[BlackElo "2310"]
[PlyCount "72"]
[EventDate "2004.??.??"]

1. e4 e5 2. Nf3 Nc6 3. Nc3 Nf6 4. Bb5 Bb4 5. O-O O-O 6. d3 d6 7. Bg5 Bxc3 8.
bxc3 h6 9. Bh4 Bd7 10. Rb1 Qe7 11. Re1 a6 12. Ba4 b6 13. Re3 Rad8 14. Bb3 Kh8
15. d4 Rg8 16. Bc4 a5 17. Bg3 Bg4 18. h3 Bxf3 19. Rxf3 exd4 20. cxd4 Qxe4 21.
Bxf7 Rgf8 22. Rf4 Qh7 23. Bc4 Ne4 24. Bd3 Rxf4 25. Bxf4 Nb4 26. a3 Nxd3 27.
Qxd3 Qf5 28. Be3 d5 29. Re1 Rf8 30. f3 Nd6 31. Qxf5 Rxf5 32. Kf2 Kg8 33. g4 Rf8
34. Bc1 Nc4 35. Re7 Rf7 36. Re8+ Rf8 1/2-1/2

[Event "5th European Individual Chess "]
[Site "Justiniano Hotel Belek, Turke"]
[Date "2004.05.25"]
[Round "10.27"]
[White "Aleskerov, Faik"]
[Black "Jonkman, Harmen"]
[Result "1/2-1/2"]
[WhiteElo "2167"]
[BlackElo "2421"]
[PlyCount "126"]
[EventDate "2004.??.??"]

1. d4 d5 2. Nf3 Nf6 3. e3 Bf5 4. Bd3 e6 5. O-O Nbd7 6. c4 Bxd3 7. Qxd3 c6 8.
Nc3 Bb4 9. Nd2 O-O 10. a3 Bxc3 11. Qxc3 Qe7 12. b4 a5 13. bxa5 e5 14. Rb1 Rfb8
15. f3 exd4 16. exd4 dxc4 17. Nxc4 Nd5 18. Qd3 Nf8 19. Bd2 Ne6 20. f4 Qf6 21.
Ne5 Rd8 22. f5 Nc5 23. Qe2 Re8 24. Qg4 Qe7 25. Bb4 Nxb4 26. f6 Qf8 27. fxg7
Qxg7 28. Qxg7+ Kxg7 29. axb4 f6 30. bxc5 fxe5 31. Rxb7+ Kg8 32. dxe5 Rxa5 33.
Rff7 Rxc5 34. Rg7+ Kh8 35. Rxh7+ Kg8 36. Rhg7+ Kh8 37. Rge7 Rxe5 38. Rxe8+ Rxe8
39. Rc7 Re6 40. h4 Kg8 41. Kf2 Rh6 42. Kg3 Kf8 43. Kg4 Rg6+ 44. Kh3 Ke8 45. h5
Re6 46. g4 Kd8 47. Rf7 Re1 48. Rf2 Ke7 49. h6 Rh1+ 50. Rh2 Ra1 51. Kh4 Kf6 52.
Kg3 Ra3+ 53. Kf4 Ra4+ 54. Ke3 Ra3+ 55. Kd4 Ra8 56. Kc5 Kg6 57. Kd6 c5 58. h7
Rh8 59. Ke6 c4 60. g5 c3 61. Rh6+ Kxg5 62. Rh2 c2 63. Rxc2 Rxh7 1/2-1/2

[Event "5th European Individual Chess "]
[Site "Justiniano Hotel Belek, Turke"]
[Date "2004.05.25"]
[Round "10.29"]
[White "Yeke, Serkan"]
[Black "Mazi, Leon"]
[Result "0-1"]
[WhiteElo "2238"]
[BlackElo "2417"]
[PlyCount "124"]
[EventDate "2004.??.??"]

1. c4 Nf6 2. Nc3 g6 3. e4 d6 4. d4 Bg7 5. f3 O-O 6. Be3 Nc6 7. Qd2 a6 8. Nge2
Rb8 9. Nc1 e5 10. Nb3 exd4 11. Nxd4 Ne5 12. O-O-O c6 13. Bh6 Bxh6 14. Qxh6 Qe7
15. h3 Kh8 16. Qe3 c5 17. Nc2 Be6 18. Nd5 Bxd5 19. cxd5 b5 20. g4 Ned7 21. h4
Nb6 22. h5 Rfe8 23. hxg6 fxg6 24. Rd2 Rb7 25. Qg5 Kg8 26. Ne3 Nfd7 27. Qxe7
Rxe7 28. g5 Rf7 29. Rf2 Ne5 30. f4 Nbc4 31. Nxc4 bxc4 32. Kc2 Ng4 33. Rf3 Ne5
34. Rf2 Rb4 35. Kc3 Nd3 36. Bxd3 cxd3 37. Re1 d2 38. Rxd2 Rxf4 39. e5 Rfc4+ 40.
Kd3 Rd4+ 41. Kc2 Rxb2+ 42. Kxb2 Rxd2+ 43. Kc3 Rxd5 44. exd6 Rxd6 45. Re5 h6 46.
Rxc5 hxg5 47. Rxg5 Kg7 48. a4 Kf6 49. Rg1 g5 50. Kc4 Kf5 51. Kc5 Rg6 52. Kd4
Kf4 53. Rf1+ Kg3 54. Ke5 g4 55. Kf5 Rg8 56. Rb1 Kh3 57. Rh1+ Kg2 58. Rh6 g3 59.
Rxa6 Kf3 60. Rb6 g2 61. Rb3+ Ke2 62. Rb2+ Kd3 0-1

[Event "5th European Individual Chess "]
[Site "Justiniano Hotel Belek, Turke"]
[Date "2004.05.25"]
[Round "10.30"]
[White "Mamedjarova, Zeinab"]
[Black "Bayram, Yakup"]
[Result "1/2-1/2"]
[WhiteElo "2343"]
[BlackElo "2292"]
[PlyCount "24"]
[EventDate "2004.??.??"]

1. d4 Nf6 2. Nf3 e6 3. Bg5 Be7 4. c4 Ne4 5. Bxe7 Qxe7 6. Nc3 Nxc3 7. bxc3 O-O
8. e3 d6 9. Bd3 e5 10. Bc2 c5 11. O-O Nc6 12. Be4 exd4 1/2-1/2

[Event "5th European Individual Chess "]
[Site "Justiniano Hotel Belek, Turke"]
[Date "2004.05.25"]
[Round "10.31"]
[White "Iotov, Valentin"]
[Black "Ersahin, Bulent"]
[Result "1/2-1/2"]
[WhiteElo "2342"]
[BlackElo "2070"]
[PlyCount "124"]
[EventDate "2004.??.??"]

1. d4 Nf6 2. c4 c5 3. d5 g6 4. Nc3 Bg7 5. e4 O-O 6. Bd3 d6 7. h3 e6 8. Nf3 exd5
9. cxd5 a6 10. a4 Re8 11. O-O Nbd7 12. Bg5 Qc7 13. Rc1 Rb8 14. Re1 c4 15. Bf1
b5 16. axb5 axb5 17. b4 h6 18. Bh4 Qb6 19. Qd2 Nh7 20. Kh1 g5 21. Bg3 Nhf8 22.
Nh2 Ng6 23. Ng4 Nf6 24. f3 Bxg4 25. hxg4 Nd7 26. Bf2 Qd8 27. Ra1 Qf6 28. Rec1
Nde5 29. Ra5 Nf4 30. Nxb5 h5 31. Nd4 hxg4 32. g3 Qh6+ 33. Kg1 Nh3+ 34. Bxh3
Qxh3 35. Ra3 gxf3 36. Nxf3 Nxf3+ 37. Rxf3 g4 38. Rf4 Re5 39. Be1 Bh6 40. Rxc4
Rh5 41. Qg2 Bxf4 42. gxf4 Qe3+ 43. Qf2 Qd3 44. Rd4 Qh3 45. Qg2 Rc8 46. Rd3
Qxg2+ 47. Kxg2 Rc2+ 48. Bf2 Re2 49. e5 Rh6 50. b5 Rb2 51. b6 Kf8 52. Ra3 Rb5
53. Ra8+ Kg7 54. Rd8 dxe5 55. fxe5 Rh3 56. Rd7 Kg6 57. Rd8 Kf5 58. Re8 Rd3 59.
e6 fxe6 60. dxe6 Kf6 61. e7 Rd2 62. Rd8 Rxf2+ 1/2-1/2

[Event "5th European Individual Chess "]
[Site "Justiniano Hotel Belek, Turke"]
[Date "2004.05.25"]
[Round "10.32"]
[White "Erturan, Yakup"]
[Black "Thorfinnsson, Bjorn"]
[Result "0-1"]
[WhiteElo "2273"]
[BlackElo "2345"]
[PlyCount "56"]
[EventDate "2004.??.??"]

1. e4 e5 2. Nc3 Nc6 3. Bc4 d6 4. Nf3 Be7 5. d4 exd4 6. Nxd4 Nxd4 7. Qxd4 Bf6 8.
Qd5 Qe7 9. Bd2 c6 10. Qd3 b5 11. Bb3 a5 12. a4 b4 13. Ne2 Bxb2 14. Rb1 Bf6 15.
O-O Qc7 16. Bf4 Be5 17. Bxe5 dxe5 18. Qg3 f6 19. Nd4 Ra7 20. Nf5 g6 21. Ne3 Kf8
22. f4 Kg7 23. Rf2 Nh6 24. Rbf1 Re8 25. f5 Ba6 26. fxg6 Bxf1 27. Nf5+ Nxf5 28.
gxh7+ Nxg3 0-1

[Event "5th European Individual Chess "]
[Site "Justiniano Hotel Belek, Turke"]
[Date "2004.05.25"]
[Round "10.34"]
[White "Idrizaj, Abedin"]
[Black "Bente, Bjoern"]
[Result "1/2-1/2"]
[WhiteElo "2249"]
[BlackElo "2219"]
[PlyCount "107"]
[EventDate "2004.??.??"]

1. e4 e6 2. d4 d5 3. Nd2 c5 4. exd5 Qxd5 5. Ngf3 cxd4 6. Bc4 Qd6 7. O-O Nf6 8.
Nb3 Nc6 9. Nbxd4 Nxd4 10. Qxd4 Bd7 11. Rd1 Qxd4 12. Nxd4 Rc8 13. Bb3 Bc5 14. c3
O-O 15. Bf4 Rfe8 16. Nf3 Red8 17. Bd6 Ne4 18. Bxc5 Nxc5 19. Bc2 Ba4 20. b3 Bc6
21. Nd4 Be4 22. f3 Bxc2 23. Nxc2 e5 24. Nb4 f6 25. Nd5 Kf7 26. c4 Ne6 27. Kf2
Nc7 28. Nc3 Ke7 29. Ke3 Rxd1 30. Rxd1 Rd8 31. Rxd8 Kxd8 32. Ke4 Kd7 33. Nd5 Ne6
34. b4 Ng5+ 35. Ke3 Ne6 36. a4 a5 37. bxa5 Nc5 38. Nc3 Kc6 39. f4 exf4+ 40.
Kxf4 Nb3 41. Kf5 Nxa5 42. Ke6 Nxc4 43. Kf7 g6 44. Kg7 Ne3 45. Kxh7 g5 46. Kg6
Nxg2 47. Kxf6 Nh4 48. h3 Nf3 49. Kf5 Ng1 50. Kg4 Kc5 51. Ne4+ Kb4 52. Nd6 Nxh3
53. Kxh3 Kxa4 54. Nxb7 1/2-1/2

[Event "5th European Individual Chess "]
[Site "Justiniano Hotel Belek, Turke"]
[Date "2004.05.25"]
[Round "10.35"]
[White "Makolli, Perparim"]
[Black "Demirel, Tolga"]
[Result "1/2-1/2"]
[WhiteElo "2228"]
[BlackElo "2183"]
[PlyCount "103"]
[EventDate "2004.??.??"]

1. e4 e5 2. Nf3 Nc6 3. Bb5 Nf6 4. d3 d6 5. h3 g6 6. c3 Bg7 7. O-O O-O 8. Re1
Bd7 9. d4 Qe8 10. Bd3 Nh5 11. dxe5 dxe5 12. Be3 b6 13. b4 Rd8 14. a4 Nf4 15.
Bxf4 exf4 16. Ra2 Ne5 17. Nxe5 Qxe5 18. Rd2 f3 19. Qxf3 Bxa4 20. Ra2 b5 21. Qe3
Rd7 22. Be2 Rfd8 23. Rc1 Bf8 24. Nd2 c5 25. Nf3 Qe6 26. c4 cxb4 27. Ng5 Qe5 28.
Nf3 Qb8 29. cxb5 Bxb5 30. Bxb5 Qxb5 31. Rxa7 Rd1+ 32. Ne1 Rxc1 33. Qxc1 Qe2 34.
Qe3 Qxe3 35. fxe3 Bc5 36. Rb7 Bxe3+ 37. Kf1 Rd2 38. Nf3 Rb2 39. Ke1 f6 40. e5
fxe5 41. Nxe5 Rxg2 42. Rxb4 Rh2 43. Rb8+ Kg7 44. Rb7+ Kg8 45. Rb8+ Kg7 46. Rb7+
Kf8 47. Rxh7 Kg8 48. Rd7 g5 49. Ng4 Rxh3 50. Nxe3 Rxe3+ 51. Kf2 Re5 52. Kg3
1/2-1/2

[Event "5th European Individual Chess "]
[Site "Justiniano Hotel Belek, Turke"]
[Date "2004.05.25"]
[Round "10.37"]
[White "Kose, Serkan"]
[Black "Goksel, Doga Cihan"]
[Result "1-0"]
[WhiteElo "2244"]
[BlackElo "2130"]
[PlyCount "151"]
[EventDate "2004.??.??"]

1. e4 c5 2. Nf3 d6 3. c3 Nf6 4. Be2 g6 5. O-O Bg7 6. Re1 O-O 7. Bf1 Bg4 8. h3
Bxf3 9. Qxf3 Nc6 10. g4 Rb8 11. d3 b5 12. Qg3 e5 13. Nd2 Nd7 14. Bg2 Ne7 15.
Nf1 f5 16. gxf5 gxf5 17. Bh6 Rf7 18. f4 Kh8 19. Bg5 exf4 20. Qxf4 Ne5 21. exf5
Qf8 22. Bxe7 Rxe7 23. Red1 Rf7 24. Ng3 Bh6 25. Qf2 Qg7 26. Kh2 Qg5 27. d4 cxd4
28. cxd4 Nd7 29. Bd5 Rff8 30. Ne4 Qxf5 31. Qxf5 Rxf5 32. Be6 Rf4 33. Nxd6 Nf8
34. d5 Rf2+ 35. Kh1 Bf4 36. Nf7+ Kg7 37. Rf1 Be3 38. Rxf2 Bxf2 39. Nd6 Bc5 40.
Ne4 Nxe6 41. dxe6 Be7 42. Rg1+ Kh6 43. Nc3 Rb6 44. Re1 Kg6 45. Nd5 Rb7 46. Re5
b4 47. Kg2 a5 48. b3 Kg7 49. Kf3 Kf8 50. Rf5+ Ke8 51. Rf7 h5 52. Ke4 Ra7 53.
Kf5 h4 54. Kg4 Kd8 55. Rxe7 Rxe7 56. Nxe7 Kxe7 57. Kxh4 Kxe6 58. Kg4 Ke5 59. h4
Kd4 60. h5 Kc3 61. h6 Kb2 62. h7 Kxa2 63. h8=Q Kxb3 64. Qg8+ Ka3 65. Qf8 a4 66.
Kf3 Kb3 67. Qf7+ Kb2 68. Qf6+ Ka2 69. Ke3 b3 70. Qf7 a3 71. Kd2 Kb2 72. Qf6+
Ka2 73. Qf1 Kb2 74. Qd1 Ka2 75. Kc3 b2 76. Kc2 1-0

[Event "5th EuroChamp"]
[Site "?"]
[Date "2004.05.28"]
[Round "12.5"]
[White "Asrian, Karen"]
[Black "Kempinski, Robert"]
[Result "1/2-1/2"]
[WhiteElo "2605"]
[BlackElo "2586"]
[PlyCount "49"]
[EventDate "2004.05.28"]

1. e4 c5 2. Nf3 d6 3. d4 cxd4 4. Nxd4 Nf6 5. Nc3 a6 6. Be2 e6 7. O-O Be7 8. a4
Qc7 9. f4 Nc6 10. Be3 O-O 11. Kh1 Re8 12. Bg1 Bd7 13. Qd3 e5 14. Nxc6 Bxc6 15.
f5 b5 16. axb5 axb5 17. b4 Qb7 18. Bf3 h6 19. Rfb1 Ra6 20. Ra5 Rea8 21. Rba1
Rxa5 22. Rxa5 Rxa5 23. bxa5 Qa6 24. Bb6 Nd7 25. Nd5 1/2-1/2

[Event "5th EuroChamp"]
[Site "?"]
[Date "2004.05.28"]
[Round "12.6"]
[White "Istratescu, Andrei"]
[Black "Agrest, Evgenij"]
[Result "1-0"]
[WhiteElo "2587"]
[BlackElo "2601"]
[PlyCount "105"]
[EventDate "2004.05.28"]

1. d4 Nf6 2. c4 e6 3. Nc3 Bb4 4. Qc2 d6 5. Bg5 Nbd7 6. e3 c5 7. Bd3 Qa5 8. Nge2
cxd4 9. Bxf6 Nxf6 10. exd4 Bxc3+ 11. Nxc3 h6 12. O-O O-O 13. a3 Bd7 14. b4 Qc7
15. Rac1 Rac8 16. Rfd1 Rfe8 17. h3 Qb8 18. Bf1 a6 19. a4 Rc7 20. a5 Qd8 21. Qb2
Rc8 22. Qa3 Ra8 23. d5 e5 24. Re1 e4 25. Re3 Re5 26. Rce1 Bf5 27. Na4 Nd7 28.
Qc3 Bg6 29. Qd4 f5 30. c5 f4 31. Rc3 e3 32. Qxf4 Re4 33. Qg3 exf2+ 34. Qxf2
Rxb4 35. Nb6 Nxb6 36. cxb6 Qg5 37. Rg3 Qh5 38. Re6 Rf8 39. Rf3 Rxf3 40. Qxf3
Qg5 41. Rxd6 Bf5 42. Kh2 Rf4 43. Qe2 Re4 44. Qf2 Rf4 45. Qe1 Re4 46. Qg3 Qe7
47. Rxh6 Kf7 48. d6 Qd7 49. Rh5 Rd4 50. Qe5 Bg6 51. Qxd4 Bxh5 52. Qd5+ Kg6 53.
g4 1-0

[Event "5th EuroChamp"]
[Site "?"]
[Date "2004.05.28"]
[Round "12.11"]
[White "Sargissian, Gabriel"]
[Black "Iljushin, Alexei"]
[Result "1-0"]
[WhiteElo "2614"]
[BlackElo "2529"]
[PlyCount "135"]
[EventDate "2004.05.28"]

1. d4 e6 2. c4 f5 3. Nc3 Nf6 4. Qc2 Bb4 5. e3 b6 6. Bd3 Bb7 7. f3 Nh5 8. Nge2
Qh4+ 9. g3 Qe7 10. O-O Bxc3 11. bxc3 c5 12. d5 Nf6 13. e4 fxe4 14. fxe4 e5 15.
g4 d6 16. Ng3 g6 17. Be2 Na6 18. g5 Nd7 19. Bg4 O-O-O 20. a4 Rhf8 21. a5 Rxf1+
22. Nxf1 Kc7 23. Qb1 Ndb8 24. Qb5 Bc8 25. axb6+ axb6 26. Bxc8 Kxc8 27. Rxa6
Nxa6 28. Qxa6+ Qb7 29. Qb5 Qd7 30. Qa6+ Qb7 31. Qxb7+ Kxb7 32. Kf2 Ra8 33. Ke2
Ra1 34. Bd2 Kc7 35. Ne3 Kd7 36. Ng4 Ke7 37. Be1 Ra2+ 38. Ke3 Rg2 39. Bg3 Rg1
40. Ke2 Rg2+ 41. Nf2 Rg1 42. Nd1 Rg2+ 43. Kd3 Rg1 44. Nf2 Rg2 45. Ke2 Rg1 46.
Kd3 Rg2 47. Ng4 Rg1 48. Ke2 Rg2+ 49. Kd3 Rg1 50. Ne3 Ra1 51. Kd2 Ra2+ 52. Nc2
Kd7 53. Kd3 Ke7 54. Ne1 Rb2 55. Nf3 Rg2 56. Ke3 Rc2 57. Nxe5 dxe5 58. Bxe5 Kd7
59. Kd3 Rf2 60. Bg3 Rf3+ 61. Kd2 Kc8 62. e5 b5 63. cxb5 c4 64. Kc2 Rd3 65. d6
Rd5 66. b6 Rb5 67. e6 Rxb6 68. Be5 1-0